000 00951nam a22002537a 4500
001 BD-DhSAU # 14780
003 BD-DhSAU
005 20191113122423.0
008 150420b2017 bg ||||| m||| 00| 0 eng d
040 _aBD-DhSAU
082 _222
_a635
_bUs3
100 _eRegistration # 11-04428
_aUsha, Meer Rifath Jahan
245 _aInfluence of growth promoters on gerbera cultivars and analysis of flower color
_bMS thesis
_cMeer Rifath Jahan Usha
260 _aSher-e-Bangla Agricultural University :
_bDepartment of Horticulture,
_c2017
300 _ax, 95p. :
_c30 cm.
_bill. ;
500 _aMS thesis of Department of Horticulture, Faculty of Agriculture, Sher-e-Bangla Agricultural University, Dhaka
504 _aIncludes bibliographical reference.
590 _aShofi
650 _aHorticulture
650 _aGerbera
700 _aUddin, A. F. M. Jamal
_eSuperviser
700 _aMostarin, Tahmina
_eCo-superviser
942 _2ddc
_cTHESIS
999 _c14780
_d14779